[Event "Guimaraes op 3rd"]
[Site "Guimaraes"]
[Date "2019.08.31"]
[Round "6"]
[White "Gama, Joao Goncalo Cerej"]
[Black "Rodrigues, Afonso"]
[Result "0-1"]
[WhiteElo "1642"]
[BlackElo "2134"]
[PlyCount "146"]
[EventDate "2019.08.28"]
[EventType "swiss"]
[EventRounds "7"]
[EventCountry "POR"]
[SourceTitle "EXT 2020"]
[Source "ChessBase"]
[SourceDate "2019.10.17"]
[SourceVersion "1"]
[SourceVersionDate "2019.10.17"]
[SourceQuality "1"]

1. e4 e6 2. d4 d5 3. Nd2 dxe4 4. Nxe4 Bd7 5. Nf3 Bc6 6. Bd3 Nd7 7. c3 Be7 8. Bf4 Ngf6 9. Nxf6+ Bxf6 10. 0-0 Bxf3 11. Qxf3 c6 12. Rfe1 0-0 13. Rad1 Qb6 14. Qe2 Rfd8 15. Qc2 Nf8 16. Bg3 Rac8 17. b4 a5 18. a3 axb4 19. axb4 Ra8 20. Ra1 Ra7 21. Qb2 Rda8 22. Bd6 Nd7 23. h3 g6 24. Bc4 Qd8 25. Bb3 Ra6 26. Rxa6 Rxa6 27. Ra1 Rxa1+ 28. Qxa1 Nb6 29. Qa5 Nd5 30. Qxd8+ Bxd8 31. c4 Nc3 32. Kf1 Ne4 33. Bf4 Bf6 34. f3 Nc3 35. Be3 Be7 36. Bd2 Bxb4 37. Bxc3 Bxc3 38. d5 cxd5 39. cxd5 e5 40. Bc4 Bb4 41. Ke2 Kf8 42. g4 Ke7 43. Kd3 Kd6 44. Ke4 Bd2 45. Bb3 b5 46. Ba2 f6 47. Kd3 Ba5 48. Bb3 Kc5 49. Ke4 Bc7 50. Kd3 Kb4 51. Bd1 Bd6 52. Bc2 Ka3 53. Bb1 Kb2 54. Bc2 Bc5 55. Bd1 Bd6 56. Kd2 b4 57. Kd3 h5 58. Kc4 hxg4 59. hxg4 Kc1 60. Ba4 Kd2 61. Bb3 Ke2 62. Bc2 Kxf3 63. Bxg6 Kxg4 64. Bc2 f5 65. Bd1+ Kg3 66. Kd3 Kf2 67. Kd2 e4 68. Bh5 f4 69. Kd1 f3 70. Be8 e3 71. Bb5 e2+ 72. Bxe2 fxe2+ 73. Kc2 e1Q 0-1

[Event "Guimaraes op 3rd"]
[Site "Guimaraes"]
[Date "2019.08.29"]
[Round "3"]
[White "Galego, Luis"]
[Black "Gama, Joao Goncalo Cerej"]
[Result "1-0"]
[WhiteElo "2506"]
[BlackElo "1642"]
[PlyCount "107"]
[EventDate "2019.08.28"]
[EventType "swiss"]
[EventRounds "7"]
[EventCountry "POR"]
[SourceTitle "EXT 2020"]
[Source "ChessBase"]
[SourceDate "2019.10.17"]
[SourceVersion "1"]
[SourceVersionDate "2019.10.17"]
[SourceQuality "1"]

1. e4 e5 2. Nf3 Nc6 3. Nc3 Nf6 4. g3 Bc5 5. Bg2 d6 6. d3 h6 7. Na4 Bb6 8. 0-0 0-0 9. h3 Be6 10. Nxb6 axb6 11. a3 Qd7 12. Kh2 d5 13. exd5 Nxd5 14. Re1 f6 15. d4 exd4 16. Nxd4 Nxd4 17. Qxd4 c5 18. Qd1 Rfd8 19. c4 Nc7 20. Qxd7 Rxd7 21. Bxb7 Rad8 22. b3 Bf7 23. Be3 Rd3 24. Rab1 Ne6 25. Be4 R3d7 26. Bf5 Rd6 27. Kg2 Nd4 28. Bxd4 Rxd4 29. Re7 Kf8 30. Rb7 g6 31. Bg4 f5 32. Bf3 R4d6 33. Re1 Re8 34. Rxe8+ Bxe8 35. Bd5 Bc6 36. Bxc6 Rxc6 37. Kf3 Re6 38. h4 g5 39. h5 Kg8 40. Rd7 Kf8 41. Rd5 Rf6 42. Re5 f4 43. g4 Kf7 44. Rf5 Rxf5 45. gxf5 Kf6 46. Ke4 Kf7 47. b4 cxb4 48. axb4 Kf6 49. c5 bxc5 50. bxc5 Ke7 51. c6 Kd6 52. f6 Kxc6 53. f7 Kc5 54. f8Q+ 1-0

[Event "Figueira da Foz op 12th"]
[Site "Figueira da Foz"]
[Date "2018.11.01"]
[Round "6"]
[White "Dong, Fabio"]
[Black "Gama, Joao Goncalo Cerej"]
[Result "1/2-1/2"]
[WhiteElo "1273"]
[BlackElo "1598"]
[PlyCount "103"]
[EventDate "2018.10.28"]
[EventType "swiss"]
[EventRounds "9"]
[EventCountry "POR"]
[SourceTitle "CBM 187 Extra"]
[Source "ChessBase"]
[SourceDate "2018.11.04"]
[SourceVersion "1"]
[SourceVersionDate "2018.11.04"]
[SourceQuality "1"]

1. c4 c5 2. Nc3 Nc6 3. g3 g6 4. Bg2 Bg7 5. Nf3 Nf6 6. 0-0 0-0 7. d3 d6 8. a3 Rb8 9. Rb1 a5 10. Bd2 Bd7 11. Qc2 e6 12. Nb5 Qe7 13. b4 axb4 14. axb4 b6 15. bxc5 bxc5 16. Bf4 e5 17. Bd2 Rfc8 18. Rfd1 d5 19. cxd5 Nxd5 20. Nc3 Ndb4 21. Qc1 Nd4 22. Nxd4 cxd4 23. Nd5 Nxd5 24. Rxb8 Rxb8 25. Bxd5 Ba4 26. Re1 Qd7 27. Qc4 Bb3 28. Qxb3 Rxb3 29. Bxb3 h5 30. Bc4 Qb7 31. h4 Qb2 32. Bg5 Kf8 33. Kf1 f6 34. Bc1 Qc3 35. Rd1 e4 36. Bd2 Qc2 37. Ke1 exd3 38. Bxd3 Qc6 39. f3 Qc7 40. Bf4 Qa5+ 41. Bd2 Qc7 42. Bf4 Qc3+ 43. Bd2 Qc8 44. Bxg6 Qh3 45. Bf4 Qd7 46. Bxh5 f5 47. g4 Qe7 48. Bg5 Bf6 49. Rxd4 Bxg5 50. hxg5 Qxg5 51. Kf2 Qh4+ 52. Ke3 1/2-1/2

[Event "Guimaraes 2nd"]
[Site "Guimaraes"]
[Date "2018.10.05"]
[Round "2"]
[White "Gama, Joao Goncalo Cerej"]
[Black "Represa Perez, Mireya"]
[Result "0-1"]
[WhiteElo "1598"]
[BlackElo "2151"]
[PlyCount "86"]
[EventDate "2018.10.04"]
[EventType "swiss"]
[EventRounds "7"]
[EventCountry "POR"]
[SourceTitle "CBM 186 Extra"]
[Source "ChessBase"]
[SourceDate "2018.08.24"]
[SourceVersion "1"]
[SourceVersionDate "2018.08.24"]
[SourceQuality "1"]

1. e4 c5 2. Nf3 d6 3. Bb5+ Nd7 4. 0-0 a6 5. Bd3 Ngf6 6. Re1 g6 7. c3 Bg7 8. Bc2 0-0 9. d4 cxd4 10. cxd4 e5 11. d5 Ne8 12. Nc3 h6 13. a4 f5 14. h3 f4 15. b4 g5 16. Nh2 Ndf6 17. Bb2 h5 18. Rc1 Bh6 19. a5 b5 20. f3 g4 21. Kh1 Ra7 22. Rg1 Nh7 23. fxg4 Rg7 24. gxh5 f3 25. Nxf3 Kh8 26. Rb1 Be3 27. Qe2 Bxg1 28. Rxg1 Rfg8 29. Bc1 Qf6 30. g4 Qd8 31. Nd1 Rc7 32. Ne3 Ng5 33. Nxg5 Qxg5 34. Nf5 Qd8 35. Bd3 Bxf5 36. exf5 Qh4 37. Kh2 Nf6 38. Qe1 Nxg4+ 39. Rxg4 Qxe1 40. Rxg8+ Kxg8 41. Bg5 Qf2+ 42. Kh1 Rc3 43. Be4 Rxh3# 0-1

[Event "POR-ch U16"]
[Site "Luso"]
[Date "2018.03.25"]
[Round "2"]
[White "Gama, Joao Goncalo Cerej"]
[Black "Barata, Manuel Joao Costa S"]
[Result "1-0"]
[WhiteElo "1554"]
[BlackElo "1249"]
[PlyCount "95"]
[EventDate "2018.03.24"]
[EventType "swiss"]
[EventRounds "7"]
[EventCountry "POR"]
[SourceTitle "EXT 2019"]
[Source "ChessBase"]
[SourceDate "2018.10.10"]
[SourceVersion "1"]
[SourceVersionDate "2018.10.10"]
[SourceQuality "1"]

1. e4 d6 2. d4 Nf6 3. Nc3 g6 4. Nf3 Bg7 5. Be2 0-0 6. 0-0 c6 7. h3 Nbd7 8. Be3 b5 9. a3 Bb7 10. e5 Ne8 11. e6 fxe6 12. Ng5 Nc7 13. Bg4 e5 14. Be6+ Kh8 15. Nf7+ Rxf7 16. Bxf7 d5 17. Qg4 exd4 18. Bxd4 e5 19. Be3 Qe7 20. Ne4 dxe4 21. Ba2 c5 22. Rad1 Bc6 23. Rd2 Bf6 24. Rfd1 Rd8 25. Rd6 c4 26. Rxc6 Ne8 27. Bc5 Nxc5 28. Rxd8 Qxd8 29. Rxc5 Nd6 30. Rd5 Qe7 31. Qd1 Nf5 32. Rxb5 Nd4 33. Rd5 Qc7 34. c3 Ne6 35. Rd6 Qc8 36. Qd5 Nf4 37. Qxe4 Nd3 38. Rxf6 Nxb2 39. Qxe5 Kg8 40. Qd5+ Kg7 41. Rf7+ Kh6 42. Qd2+ Kh5 43. Qxb2 Qe6 44. Rxh7+ Kg5 45. Qd2+ Kf6 46. Qd4+ Kg5 47. f4+ Kf5 48. g4# 1-0

[Event "Figueira da Foz op 11th"]
[Site "Figueira da Foz"]
[Date "2017.11.03"]
[Round "7"]
[White "Gama, Joao Goncalo Cerej"]
[Black "Leite, Marta Sofia Carvalh"]
[Result "0-1"]
[WhiteElo "1495"]
[BlackElo "1915"]
[PlyCount "50"]
[EventDate "2017.10.29"]
[EventType "swiss"]
[EventRounds "9"]
[EventCountry "POR"]
[SourceTitle "CBM 181 Extra"]
[Source "ChessBase"]
[SourceDate "2017.12.12"]
[SourceVersion "1"]
[SourceVersionDate "2017.12.12"]
[SourceQuality "1"]

1. e4 d5 2. exd5 Qxd5 3. Nc3 Qa5 4. d4 Nf6 5. Bd2 c6 6. Nge2 Bg4 7. Ne4 Qb6 8. Nxf6+ gxf6 9. Bc3 Bh6 10. Qd3 Be6 11. Ng3 Nd7 12. Nf5 Bf8 13. Be2 0-0-0 14. 0-0 h5 15. a4 Qc7 16. Nh4 Bh6 17. a5 Ne5 18. Qe4 Ng4 19. g3 Bg5 20. Ng2 f5 21. Qf3 h4 22. d5 hxg3 23. Bxh8 gxf2+ 24. Rxf2 Qxh2+ 25. Kf1 Qh1# 0-1

[Event "Famalicao op 5th"]
[Site "Famalicao"]
[Date "2017.07.30"]
[Round "2"]
[White "Gama, Joao Goncalo Cerej"]
[Black "Silva, Joao Emanuel Torres"]
[Result "1-0"]
[WhiteElo "1495"]
[BlackElo "1082"]
[PlyCount "73"]
[EventDate "2017.07.29"]
[EventType "swiss"]
[EventRounds "9"]
[EventCountry "POR"]
[SourceTitle "EXT 2018"]
[Source "ChessBase"]
[SourceDate "2017.10.13"]
[SourceVersion "1"]
[SourceVersionDate "2017.10.13"]
[SourceQuality "1"]

1. e4 e5 2. Nf3 Nc6 3. Bc4 Nf6 4. d3 d6 5. Ng5 d5 6. exd5 Nxd5 7. Qf3 Be6 8. Nxe6 fxe6 9. 0-0 Ncb4 10. Qh5+ g6 11. Qxe5 Qf6 12. Qxf6 Nxf6 13. Bg5 Bg7 14. Na3 Nd7 15. c3 Nd5 16. Rfe1 Kf7 17. Bxd5 exd5 18. Re7+ Kf8 19. Rxd7 Re8 20. g3 h6 21. Be3 Re7 22. Bc5 Ke8 23. Rxe7+ Kf8 24. Rxc7+ Kg8 25. Rc8+ Kh7 26. Rxh8+ Bxh8 27. Re1 h5 28. Re7+ Kh6 29. Be3+ g5 30. Nb5 Bg7 31. Rxg7 Kxg7 32. Bxg5 a6 33. Nc7 Kg6 34. f4 d4 35. cxd4 a5 36. d5 Kf7 37. d6 1-0

[Event "POR-ch U14"]
[Site "Luso"]
[Date "2016.07.22"]
[Round "4"]
[White "Gama, Joao Goncalo Cerej"]
[Black "Encarnacao, Filipe Alexandre D"]
[Result "0-1"]
[WhiteElo "1462"]
[BlackElo "1269"]
[PlyCount "136"]
[EventDate "2016.07.20"]
[EventType "swiss"]
[EventRounds "7"]
[EventCountry "POR"]
[SourceTitle "EXT 2018"]
[Source "ChessBase"]
[SourceDate "2017.10.13"]
[SourceVersion "1"]
[SourceVersionDate "2017.10.13"]
[SourceQuality "1"]

1. e4 e5 2. Nf3 Nc6 3. Bc4 Bc5 4. c3 Nf6 5. d3 a6 6. Nbd2 d6 7. Bb3 Ba7 8. 0-0 0-0 9. h3 h6 10. Re1 Nh5 11. Nf1 Qf6 12. Be3 Nf4 13. Bxa7 Nxa7 14. Ng3 g6 15. d4 Nc6 16. Rf1 h5 17. dxe5 dxe5 18. Ne1 Rd8 19. Qf3 Qg5 20. Kh2 Na5 21. Rd1 Nxb3 22. axb3 Be6 23. c4 Rxd1 24. Qxd1 Rd8 25. Nf3 Qf6 26. Qe2 Nxh3 27. Nxe5 Nxf2 28. Qxf2 Qxe5 29. Qf6 Qxf6 30. Rxf6 Rd2 31. Rf3 Rxb2 32. Rd3 b5 33. Rd8+ Kg7 34. cxb5 axb5 35. e5 Rxb3 36. Ne4 Re3 37. Rd4 c5 38. Nxc5 Rxe5 39. Nd3 Rd5 40. Rxd5 Bxd5 41. Kg3 Kf6 42. Nb4 Bb7 43. Kf2 Kg5 44. g3 f5 45. Nd3 Be4 46. Nc1 b4 47. Nb3 Bd5 48. Nc5 b3 49. Nd3 h4 50. gxh4+ Kxh4 51. Kg1 f4 52. Kf2 g5 53. Kg1 g4 54. Nb2 g3 55. Nd1 f3 56. Kf1 f2 57. Nb2 Kh3 58. Nd1 Kh2 59. Nb2 g2+ 60. Kxf2 g1Q+ 61. Ke2 Qg2+ 62. Kd3 Qxb2 63. Ke3 Qc3+ 64. Kf4 b2 65. Kf5 b1Q+ 66. Kg5 Qf3 67. Kh6 Qg1 68. Kh7 Qh3# 0-1

[Event "Figueira da Foz op 9th"]
[Site "Figueira da Foz"]
[Date "2015.11.26"]
[Round "7"]
[White "Santos, Agostinho Manuel"]
[Black "Gama, Joao Goncalo Cerej"]
[Result "0-1"]
[WhiteElo "1603"]
[BlackElo "1376"]
[PlyCount "66"]
[EventDate "2015.11.21"]
[EventType "swiss"]
[EventRounds "9"]
[EventCountry "POR"]
[SourceTitle "CBM 169 Extra"]
[Source "ChessBase"]
[SourceDate "2015.12.18"]
[SourceVersion "1"]
[SourceVersionDate "2015.12.18"]
[SourceQuality "1"]

1. e4 e5 2. Nf3 Nc6 3. Bc4 Bc5 4. 0-0 Nf6 5. d3 h6 6. Nbd2 0-0 7. c3 d6 8. h3 a6 9. Qe2 Ba7 10. Bb3 b5 11. a3 Ne7 12. Rd1 c5 13. Nf1 Ng6 14. Be3 Be6 15. Bc2 d5 16. d4 dxe4 17. Nxe5 Qc7 18. Nxg6 fxg6 19. dxc5 Bxc5 20. Bxc5 Qxc5 21. Ne3 Qg5 22. Kh1 Qh4 23. Rd2 g5 24. Kg1 g4 25. hxg4 Bxg4 26. Qe1 Qg5 27. Nxg4 Qxg4 28. Qe3 Rae8 29. Rad1 Nh5 30. Rd7 Nf4 31. g3 Nh3+ 32. Kg2 Rxf2+ 33. Kh1 Rxc2 0-1

[Event "Figueira da Foz op 9th"]
[Site "Figueira da Foz"]
[Date "2015.11.23"]
[Round "4"]
[White "Gama, Joao Goncalo Cerej"]
[Black "Pais, Bruno Miguel Dos Sa"]
[Result "1/2-1/2"]
[WhiteElo "1376"]
[BlackElo "1771"]
[PlyCount "103"]
[EventDate "2015.11.21"]
[EventType "swiss"]
[EventRounds "9"]
[EventCountry "POR"]
[SourceTitle "CBM 169 Extra"]
[Source "ChessBase"]
[SourceDate "2015.12.18"]
[SourceVersion "1"]
[SourceVersionDate "2015.12.18"]
[SourceQuality "1"]

1. e4 c5 2. Nf3 e6 3. c3 Nc6 4. d4 cxd4 5. cxd4 d5 6. e5 Qb6 7. Nc3 Nge7 8. Bb5 Bd7 9. Bxc6 Bxc6 10. 0-0 Ng6 11. Qc2 Be7 12. Be3 0-0 13. Rac1 Rac8 14. a3 Bb5 15. Rfd1 Rc7 16. Qd2 Rfc8 17. Nxb5 Qxb5 18. h3 Rc4 19. Rxc4 Rxc4 20. Rc1 b6 21. Rxc4 Qxc4 22. Qc1 b5 23. Qxc4 bxc4 24. Bd2 f6 25. Kf1 fxe5 26. Nxe5 Nxe5 27. dxe5 Kf7 28. Be3 a5 29. Ke2 h5 30. g4 hxg4 31. hxg4 Ke8 32. f4 g6 33. g5 Kd7 34. Kd2 Kc6 35. Kc3 a4 36. Bf2 Bc5 37. Bd4 Bb6 38. Bxb6 Kxb6 39. Kb4 Kc6 40. Kxa4 d4 41. Kb4 Kd5 42. f5 exf5 43. e6 Kxe6 44. Kxc4 Ke5 45. Kd3 f4 46. a4 f3 47. a5 Kd5 48. b4 Kc6 49. Kd2 Kb5 50. Kd3 Ka6 51. Kd2 Kb5 52. Kd3 1/2-1/2

[Event "Figueira da Foz op 9th"]
[Site "Figueira da Foz"]
[Date "2015.11.21"]
[Round "1"]
[White "Guerreiro, Nuno M"]
[Black "Gama, Joao Goncalo Cerej"]
[Result "1-0"]
[WhiteElo "2084"]
[BlackElo "1376"]
[PlyCount "111"]
[EventDate "2015.11.21"]
[EventType "swiss"]
[EventRounds "9"]
[EventCountry "POR"]
[SourceTitle "CBM 169 Extra"]
[Source "ChessBase"]
[SourceDate "2015.12.18"]
[SourceVersion "1"]
[SourceVersionDate "2015.12.18"]
[SourceQuality "1"]

1. e4 e5 2. Nf3 Nc6 3. Nc3 Nf6 4. d4 exd4 5. Nxd4 Bc5 6. Nb3 Bb6 7. a4 a6 8. Nd5 Nxd5 9. exd5 Qe7+ 10. Be2 Ne5 11. d6 Qf6 12. 0-0 0-0 13. a5 Ba7 14. dxc7 d6 15. Bd2 Nc6 16. Bc3 Qe7 17. Qd3 Be6 18. Rad1 Qxc7 19. Qg3 f6 20. Rxd6 Qf7 21. Qh4 Ne5 22. Bxe5 fxe5 23. Rxe6 Rac8 24. Re7 Qf6 25. Qxf6 gxf6 26. c3 Rf7 27. Rxf7 Kxf7 28. Rd1 Ke7 29. Bg4 Rc7 30. Bf5 h6 31. Kf1 b5 32. Rd5 h5 33. h4 e4 34. Bxe4 Rc4 35. f3 b4 36. Rxh5 Be3 37. Bd5 Rf4 38. g3 bxc3 39. gxf4 cxb2 40. Be4 Bxf4 41. Nc5 Be5 42. Rxe5+ fxe5 43. Nxa6 Kd6 44. h5 Ke7 45. h6 Kf7 46. Nc5 Kf8 47. a6 Ke7 48. a7 Kd6 49. Na4 b1Q+ 50. Bxb1 Kc7 51. a8Q Kd7 52. Qb7+ Ke6 53. Qc6+ Ke7 54. Nc5 Kf7 55. Qe6+ Kf8 56. Nd7# 1-0

[Event "POR-ch U14"]
[Site "Luso"]
[Date "2015.07.26"]
[Round "7"]
[White "Martins, Antonio MG Costa"]
[Black "Gama, Joao Goncalo Cerej"]
[Result "1-0"]
[WhiteElo "1448"]
[BlackElo "1412"]
[PlyCount "149"]
[EventDate "2015.07.22"]
[EventType "swiss"]
[EventRounds "7"]
[EventCountry "POR"]
[SourceTitle "EXT 2018"]
[Source "ChessBase"]
[SourceDate "2017.10.13"]
[SourceVersion "1"]
[SourceVersionDate "2017.10.13"]
[SourceQuality "1"]

1. e4 e5 2. Nf3 Nc6 3. Bb5 a6 4. Ba4 Nf6 5. d3 b5 6. Bb3 Be7 7. c3 d6 8. h3 h6 9. 0-0 0-0 10. Re1 Na5 11. Bc2 c5 12. d4 cxd4 13. cxd4 Qc7 14. a3 Rd8 15. Nc3 Bb7 16. d5 Rac8 17. Nd2 Bf8 18. Nb3 Nxb3 19. Bxb3 g6 20. Kh1 Bg7 21. f3 Qe7 22. Be3 Nd7 23. Qd2 Kh7 24. Rf1 Rf8 25. Rac1 Nc5 26. Bc2 Rc7 27. b4 Nd7 28. Ne2 Rfc8 29. Bd3 Rxc1 30. Rxc1 Qd8 31. Rxc8 Qxc8 32. Qc3 Bf6 33. Qxc8 Bxc8 34. Nc3 Bd8 35. a4 bxa4 36. Nxa4 h5 37. b5 axb5 38. Bxb5 Kg8 39. Kg1 Kf8 40. Kf1 f5 41. Ke2 f4 42. Bf2 g5 43. Kd3 h4 44. Nb2 Nb6 45. Nc4 Nxc4 46. Kxc4 Ke7 47. Kb4 Bb7 48. Bc4 Bc7 49. Kb5 Kd7 50. Bb6 Kc8 51. Ka5 Kb8 52. Ba6 Kc8 53. Bxc7 Kxc7 54. Bxb7 Kxb7 55. Kb5 Kc7 56. Ka6 Kc8 57. Kb6 Kd7 58. Kb7 Ke7 59. Kc7 Ke8 60. Kxd6 Kd8 61. Kxe5 Ke7 62. Kf5 Ke8 63. Kxg5 Kd7 64. Kxf4 Ke7 65. Kg4 Kd6 66. Kxh4 Ke5 67. Kg5 Kd6 68. h4 Ke7 69. h5 Kf7 70. h6 Kg8 71. d6 Kh7 72. d7 Kg8 73. d8Q+ Kh7 74. Qe7+ Kg8 75. Qg7# 1-0

[Event "POR-ch U14"]
[Site "Luso"]
[Date "2015.07.25"]
[Round "6"]
[White "Gama, Joao Goncalo Cerej"]
[Black "Lobo, Hugo Miguel Caldas"]
[Result "1-0"]
[WhiteElo "1412"]
[BlackElo "1310"]
[PlyCount "101"]
[EventDate "2015.07.22"]
[EventType "swiss"]
[EventRounds "7"]
[EventCountry "POR"]
[SourceTitle "EXT 2018"]
[Source "ChessBase"]
[SourceDate "2017.10.13"]
[SourceVersion "1"]
[SourceVersionDate "2017.10.13"]
[SourceQuality "1"]

1. e4 c5 2. Nf3 Nc6 3. Bb5 d6 4. c3 Bd7 5. 0-0 Nf6 6. Re1 e6 7. d4 cxd4 8. cxd4 Be7 9. Nc3 e5 10. d5 Nb8 11. Bd3 0-0 12. h3 Na6 13. Bxa6 bxa6 14. Qd3 Qb6 15. a4 Ne8 16. Be3 Qb7 17. Nd2 f5 18. exf5 Bxf5 19. Nce4 Nc7 20. Nc4 Bxe4 21. Qxe4 Qxd5 22. Qxd5+ Nxd5 23. Rad1 Nxe3 24. Rxe3 Rf6 25. Red3 Rd8 26. Nxe5 dxe5 27. Rxd8+ Bxd8 28. Rxd8+ Rf8 29. Rxf8+ Kxf8 30. Kf1 Ke7 31. Ke2 Kd6 32. Kd3 g6 33. Ke4 Ke6 34. b4 Kd6 35. f4 exf4 36. Kxf4 Kd5 37. Kg5 Kc4 38. Kh6 Kxb4 39. Kxh7 Kxa4 40. Kxg6 Ka3 41. h4 a5 42. h5 a4 43. h6 Ka2 44. h7 a3 45. h8Q a5 46. Qb8 Ka1 47. Qa7 a2 48. Qxa5 Kb1 49. g4 a1Q 50. Qxa1+ Kxa1 51. g5 1-0

[Event "POR-ch U14"]
[Site "Luso"]
[Date "2015.07.23"]
[Round "2"]
[White "Fernandes, Joao Pedro Murtinho"]
[Black "Gama, Joao Goncalo Cerej"]
[Result "1/2-1/2"]
[WhiteElo "1662"]
[BlackElo "1412"]
[PlyCount "90"]
[EventDate "2015.07.22"]
[EventType "swiss"]
[EventRounds "7"]
[EventCountry "POR"]
[SourceTitle "EXT 2018"]
[Source "ChessBase"]
[SourceDate "2017.10.13"]
[SourceVersion "1"]
[SourceVersionDate "2017.10.13"]
[SourceQuality "1"]

1. e4 e5 2. Nf3 Nc6 3. Bb5 a6 4. Ba4 Nf6 5. d3 b5 6. Bb3 Be7 7. a4 Bb7 8. 0-0 0-0 9. Re1 d6 10. c3 Na5 11. Bc2 c5 12. Nbd2 Qc7 13. Nf1 Nc6 14. Ne3 bxa4 15. Bxa4 Bc8 16. h3 Rd8 17. Bb3 h6 18. Nh2 Bf8 19. Qf3 Rb8 20. Bc2 a5 21. Nf5 Bxf5 22. Qxf5 Ne7 23. Qf3 Ng6 24. Ng4 Nxg4 25. Qxg4 d5 26. Ra2 d4 27. c4 Rb7 28. Bd2 Ra8 29. Rea1 Rba7 30. g3 Bd6 31. Ba4 Kh8 32. Kg2 Ne7 33. Qh5 Ng8 34. g4 Nf6 35. Qf5 Kg8 36. Bxh6 gxh6 37. Qxf6 Bf8 38. h4 Ra6 39. Qf3 Rg6 40. Rg1 Be7 41. h5 Rg5 42. Qh3 Kh7 43. Bb5 Rag8 44. f3 f5 45. Re1 fxg4 1/2-1/2

[Event "Coimbra Queima das Fitas op"]
[Site "Coimbra"]
[Date "2015.05.02"]
[Round "4"]
[White "Cavadas, Jose Manuel Goncalv"]
[Black "Gama, Joao Goncalo Cerej"]
[Result "0-1"]
[WhiteElo "1600"]
[BlackElo "1317"]
[PlyCount "90"]
[EventDate "2015.04.30"]
[EventType "swiss"]
[EventRounds "7"]
[EventCountry "POR"]
[SourceTitle "EXT 2018"]
[Source "ChessBase"]
[SourceDate "2017.10.13"]
[SourceVersion "1"]
[SourceVersionDate "2017.10.13"]
[SourceQuality "1"]

1. d4 d5 2. Nf3 Nc6 3. c4 e6 4. Nc3 Nf6 5. Bg5 Be7 6. e3 0-0 7. Bd3 dxc4 8. Bxc4 b6 9. 0-0 Bb7 10. Rc1 Nd5 11. Bxe7 Ncxe7 12. Bd3 Rc8 13. Bxh7+ Kxh7 14. Ng5+ Kg8 15. Nce4 Nf6 16. Nxf6+ gxf6 17. Nh3 Ng6 18. Qg4 Kg7 19. Nf4 f5 20. Qd1 Nxf4 21. exf4 Rh8 22. Rc3 Qh4 23. Rg3+ Kf6 24. h3 Qxf4 25. Qd3 Rcd8 26. Rd1 c5 27. Qa3 Rxd4 28. Rxd4 Qxd4 29. Rd3 Qe4 30. f3 Qe1+ 31. Kh2 Rg8 32. Qc3+ Qxc3 33. Rxc3 Ra8 34. Ra3 a6 35. Rb3 b5 36. a4 Bc6 37. axb5 Bxb5 38. h4 c4 39. Rc3 f4 40. Kh3 Rd8 41. Rc1 Rd2 42. Rg1 Rxb2 43. g4 fxg3 44. Rxg3 c3 45. h5 Bf1+ 0-1

[Event "Lisbon Christmas op"]
[Site "Lisbon"]
[Date "2014.12.30"]
[Round "9"]
[White "Gama, Joao Goncalo Cerej"]
[Black "Ribeiro, Bruno Rafael Leite"]
[Result "0-1"]
[WhiteElo "1262"]
[BlackElo "1765"]
[PlyCount "78"]
[EventDate "2014.12.26"]
[EventType "swiss"]
[EventRounds "9"]
[EventCountry "POR"]
[SourceTitle "EXT 2018"]
[Source "ChessBase"]
[SourceDate "2017.10.13"]
[SourceVersion "1"]
[SourceVersionDate "2017.10.13"]
[SourceQuality "1"]

1. e4 e5 2. Nf3 Nf6 3. d3 d6 4. g3 Be7 5. Bg2 0-0 6. 0-0 Re8 7. Nc3 c6 8. Re1 Qc7 9. d4 Bg4 10. dxe5 dxe5 11. h3 Bh5 12. Be3 Na6 13. Qe2 Bb4 14. Bd2 Nc5 15. g4 Bg6 16. Nh4 Bxc3 17. Bxc3 Bxe4 18. f3 Bg6 19. Nxg6 hxg6 20. Bxe5 Qb6 21. Kh1 Ncd7 22. f4 Nxe5 23. fxe5 Nd7 24. e6 Rxe6 25. Qd2 Rxe1+ 26. Rxe1 Nf6 27. c3 Rd8 28. Qc2 Qa5 29. Qb3 Qc7 30. Rd1 Re8 31. Qc2 Qg3 32. Qd2 Ne4 33. Bxe4 Qxh3+ 34. Kg1 Rxe4 35. Qd8+ Kh7 36. Kf2 Qe3+ 37. Kg2 Rxg4+ 38. Kh2 Qg3+ 39. Kh1 Qg2# 0-1

[Event "Lisbon Christmas op"]
[Site "Lisbon"]
[Date "2014.12.27"]
[Round "3"]
[White "Gama, Joao Goncalo Cerej"]
[Black "Lafourcade, Victor"]
[Result "0-1"]
[WhiteElo "1262"]
[BlackElo "1585"]
[PlyCount "122"]
[EventDate "2014.12.26"]
[EventType "swiss"]
[EventRounds "9"]
[EventCountry "POR"]
[SourceTitle "EXT 2018"]
[Source "ChessBase"]
[SourceDate "2017.10.13"]
[SourceVersion "1"]
[SourceVersionDate "2017.10.13"]
[SourceQuality "1"]

1. e4 c5 2. Nf3 d6 3. Bb5+ Bd7 4. Bxd7+ Qxd7 5. c4 Nf6 6. Nc3 g6 7. 0-0 Bg7 8. d4 cxd4 9. Nxd4 0-0 10. Be3 Nc6 11. Qd2 Ng4 12. Nc2 Nxe3 13. Nxe3 Rac8 14. f4 Na5 15. b3 a6 16. Rac1 Nc6 17. Ncd5 Qe6 18. Qd3 a5 19. Nb6 Nb4 20. Qb1 Bd4 21. Nbd5 Nxd5 22. cxd5 Bxe3+ 23. Kh1 Rxc1 24. Rxc1 Qd7 25. Rf1 Rc8 26. Qd3 Bc5 27. e5 Qf5 28. Qe2 Bb4 29. g4 Qc2 30. Qxc2 Rxc2 31. a4 Re2 32. Rc1 dxe5 33. Rc8+ Kg7 34. fxe5 Rxe5 35. Rc7 Rxd5 36. Rxb7 Rd3 37. Kg2 Rxb3 38. Rc7 Ra3 39. Rc2 Rxa4 40. Rf2 Ra1 41. Rf4 Bd6 42. Rc4 Ra2+ 43. Kf3 Bxh2 44. Ke4 a4 45. Kd4 a3 46. Ra4 Bd6 47. Kc3 Rf2 48. Kb3 Rf4 49. Rxf4 Bxf4 50. Kxa3 e5 51. Kb3 Kf6 52. Kc2 Kg5 53. Kd3 Kxg4 54. Ke2 h5 55. Kf1 h4 56. Kg2 e4 57. Kf2 h3 58. Kg1 e3 59. Kh1 Kf3 60. Kg1 e2 61. Kh1 e1R# 0-1

[Event "Figueira da Foz op 8th"]
[Site "Figueira da Foz"]
[Date "2014.11.28"]
[Round "7"]
[White "Gama, Joao Goncalo Cerej"]
[Black "Mendes, Carlos Alberto De S"]
[Result "0-1"]
[WhiteElo "1262"]
[BlackElo "1699"]
[PlyCount "142"]
[EventDate "2014.11.23"]
[EventType "swiss"]
[EventRounds "9"]
[EventCountry "POR"]
[SourceTitle "CBM 163 Extra"]
[Source "ChessBase"]
[SourceDate "2014.12.23"]
[SourceVersion "1"]
[SourceVersionDate "2014.12.23"]
[SourceQuality "1"]

1. e4 e5 2. Nf3 Nf6 3. d3 Nc6 4. g3 Be7 5. Bg2 0-0 6. 0-0 d5 7. Re1 dxe4 8. dxe4 Qxd1 9. Rxd1 Bg4 10. Nbd2 Rfd8 11. Re1 Nb4 12. Rb1 Nxc2 13. Re2 Nb4 14. a3 Nc6 15. Re1 Rd3 16. Nh4 Rad8 17. h3 Be6 18. Nf1 Bc5 19. Be3 Bxe3 20. Nxe3 Rd2 21. Red1 Bb3 22. Rxd2 Rxd2 23. Nhf5 g6 24. Nh6+ Kf8 25. Neg4 Nxg4 26. Nxg4 Ke7 27. Kf1 Ke6 28. Ke1 Rc2 29. Ne3 Rc5 30. h4 Nd4 31. Bh3+ Ke7 32. Kd2 Ba2 33. Rd1 Rb5 34. b4 Rb6 35. Kd3 Ra6 36. Nc2 Nxc2 37. Kxc2 Rxa3 38. Rd7+ Ke8 39. Rxc7 b6 40. Rc8+ Ke7 41. Rc3 Bb1+ 42. Kb2 Rxc3 43. Kxc3 Bxe4 44. Bf1 Bc6 45. b5 Bd5 46. Be2 Kd6 47. Kd3 Kc5 48. Kc3 Be6 49. Bd3 Bd7 50. f3 Bxb5 51. Bxb5 Kxb5 52. Kb3 f5 53. Kc3 a5 54. Kb3 Kc5 55. Kc3 a4 56. Kb2 b5 57. Kc3 b4+ 58. Kb2 e4 59. fxe4 fxe4 60. Kc2 a3 61. Kb3 e3 62. Kc2 a2 63. Kb2 b3 64. Kc3 a1Q+ 65. Kd3 Kd5 66. Kxe3 Qd4+ 67. Ke2 Qc3 68. Kd1 b2 69. g4 b1R+ 70. Ke2 Rb2+ 71. Kf1 Qc1# 0-1